Banderas pero con colores y orientación inversa - Estadísticas

Estadísticas generales
  • Esta prueba ha sido intentada 46 veces
  • La puntuación promedio es 11 de 15
Estadísticas de respuestas
Imagen Respuesta % Correcto
Estados Unidos
100%
China
95%
España
95%
Bangladés
88%
Jamaica
85%
Chile
83%
Mongolia
80%
Seychelles
80%
Nauru
75%
Burundi
73%
Madagascar
73%
Samoa
73%
Surinam
73%
Nueva Caledonia
45%
Estonia
33%
No se encontraron pruebas coincidentes
Distribución de puntuación
Porcentaje de gente con cada puntuación
Porcentaje por número respondido
Historial de tus puntuaciones
No has intentado esta prueba.